Southville International School and Colleges
Your cart is empty.
  • Cart
  • Lists
    Public lists Eva Luna New books Lux_list list_1
    Your lists Log in to create your own lists
  • Log in to your account
  • Your cookies
  • Search history
Southville International School and Colleges
  • Advanced search
  • Recent comments
  • Most popular
  • Libraries

Log in to your account

Log in with GOOGLE


If you do not have an external account, but do have a local account, you can still log in:

  1. Home
  2. MARC view: Mooncake /
Normal view MARC view ISBD view

Mooncake / (Record no. 113658)

[ view plain ]
MARC details
000 -LEADER
fixed length control field 00635nam a2200217 a 4500
001 - CONTROL NUMBER
control field 0188
005 - DATE AND TIME OF LATEST TRANSACTION
control field 20140414132033.0
008 - FIXED-LENGTH DATA ELEMENTS--GENERAL INFORMATION
fixed length control field 040813s19uu xx 00 eng d
020 ## - INTERNATIONAL STANDARD BOOK NUMBER
International Standard Book Number 0-590-40623-X
050 ## - LIBRARY OF CONGRESS CALL NUMBER
Classification number TR
Item number M77 1983
100 ## - MAIN ENTRY--PERSONAL NAME
Personal name Asch, Frank
245 ## - TITLE STATEMENT
Title Mooncake /
Statement of responsibility, etc Frank Asch.
260 ## - PUBLICATION, DISTRIBUTION, ETC. (IMPRINT)
Place of publication, distribution, etc New York :
Name of publisher, distributor, etc Scholastic,
Date of publication, distribution, etc 1983.
300 ## - PHYSICAL DESCRIPTION
Extent 1v.p. : ill. ; cm.
520 ## - SUMMARY, ETC.
Summary, etc Bear would like to take a bite out of the moon. But how does the moon taste? Bear build a rocket to find out.
526 ## - STUDY PROGRAM INFORMATION NOTE
Program name Grade 1
650 ## - SUBJECT ADDED ENTRY--TOPICAL TERM
Topical term or geographic name as entry element Moon
General subdivision Fiction.
650 ## - SUBJECT ADDED ENTRY--TOPICAL TERM
Topical term or geographic name as entry element Bears
General subdivision Fiction.
650 ## - SUBJECT ADDED ENTRY--TOPICAL TERM
Topical term or geographic name as entry element Children stories.
Holdings
Withdrawn status Lost status Damaged status Use restrictions Home library Current library Shelving location Date acquired Source of acquisition Total Checkouts Full call number Barcode Date last seen Price effective from Koha item type
        Munich Library Munich Library Teachers Reference Section 08/13/2004     TR M77 1983 M5262 04/14/2014 04/14/2014 Books

Mooncake /

APA

Asch F., . (1983). Mooncake. New York: Scholastic.

Chicago

Asch Frank, . 1983. Mooncake. New York: Scholastic.

Harvard

Asch F., . (1983). Mooncake. New York: Scholastic.

MLA

Asch Frank, . Mooncake. New York: Scholastic. 1983.

  • Place hold
  • Print
  • Cite
  • Add to your cart (remove)
  • Save record
    BIBTEX Dublin Core MARCXML MARC (non-Unicode/MARC-8) MARC (Unicode/UTF-8) MARC (Unicode/UTF-8, Standard) MODS (XML) RIS
  • More searches
    Search for this title in:
    Other Libraries (WorldCat) Other Databases (Google Scholar) Online Stores (Bookfinder.com) Open Library (openlibrary.org)

Exporting to Dublin Core...

SOUTHVILLE LIBRARY

Southville International School and Colleges Library

1281 Tropical Ave. Cor. Luxembourg St., BF Homes International, Las Pinas City

Tel. No. 8256374 / 252358 Loc. 117/146

Powered by Koha